000 00613nam a2200241 i 4500
001 C2-0238531
003 PPAK
005 20180727201607.0
008 020421s2001 enk |||| ||||| | eng d
020 _a0446678600
040 _aPPAK
_beng
_cPPAK
_erda
082 0 4 _a823
_223
090 0 0 _a823
_bPAT
_dG
100 1 _aPatterson, James,
_eauthor
245 1 0 _aViolets are blue
264 1 _aLondon :
_bWarner Books ,
_c2001
300 _a393 pages ;
_c24 cm
336 _2rdacontent
_atext
337 _2rdamedia
_aunmediated
338 _2rdacarrier
_avolume
650 1 0 _aEnglish fiction
942 _ddc
_cB
999 _c53877
_d53877